LEADER 01852oam 2200481 450 001 9910703522203321 005 20151109092724.0 035 $a(CKB)5470000002432482 035 $a(OCoLC)227950686 035 $a(OCoLC)995470000002432482 035 $a(EXLCZ)995470000002432482 100 $a20080513d2007 uy 0 101 0 $aeng 181 $ctxt$2rdacontent 182 $cc$2rdamedia 183 $acr$2rdacarrier 200 10$aReconfigurable tactical operations simulator (RTOS) operational demonstration in 5-52 Air Defense Artillery /$fJohn K. Hawley [and three others] 210 1$aAdelphi, MD :$cArmy Research Laboratory,$d2007. 215 $a(v, 40 pages) $cillustrations 300 $a"ARL-SR-0156." 300 $a"August 2007." 300 $a"Approved for public release; distribution unlimited." 300 $aTitle from title screen (viewed November 9, 2015). 320 $aIncludes bibliographical references (pages 21-22). 517 $aReconfigurable tactical operations simulator 606 $aPatriot missile$xAccidents$xInvestigation 606 $aFratricide 606 $aWeapons systems$zUnited States$xComputer simulation$xEvaluation 606 $aGuidance systems (Flight)$xSimulation methods$xEvaluation 615 0$aPatriot missile$xAccidents$xInvestigation. 615 0$aFratricide. 615 0$aWeapons systems$xComputer simulation$xEvaluation. 615 0$aGuidance systems (Flight)$xSimulation methods$xEvaluation. 700 $aHawley$b John K.$0175947 712 02$aU.S. Army Research Laboratory, 801 0$bDTICE 801 1$bDTICE 801 2$bOCLCQ 801 2$bGPO 906 $aBOOK 912 $a9910703522203321 996 $aReconfigurable tactical operations simulator (RTOS) operational demonstration in 5-52 Air Defense Artillery$93436208 997 $aUNINA